000 01780nam a22003017a 4500
005 20090528143828.0
008 081216s2009 nyua b 001 0 eng d
010 _aENG-93785
020 _a9780070140677
_c595.00
020 _a0070140677
_c595.00
035 _aEN-77318
037 _bDBAD / PUB
040 _adpl
_bEnglish
082 _a303.4834
100 _aTapscott, Don
245 _aGrown up digital :
_bhow the net generation is changing your world /
_cby Don Tapscott
260 _aNew Delhi
_bTat McGraw-Hill Publishing
_c2009
270 _a7 West Patel Nagar,
_bNew Delhi
_e110008
300 _axvi, 368 p. :
_bill. ;
_c24cm(Hb)
500 _aIncludes bibliographical references and index.
505 _gMeet the net gen:
_tThe net generation comes of age --
_tA generation bathed in bits --
_tThe eight net gen norms: characteristics of a generation --
_tThe net generation brain --
_gTransforming institutions:
_tThe net generation as learners: rethinking education --
_tThe net generation in the workforce: rethinking talent and management --
_tThe net generation as consumers: N-fluence networks and the prosumer revolution --
_tThe net generation and the family: no place like the new home --
_gTransforming society:
_tThe net generation and democracy: Obama, social networks, and citizen engagement --
_tMaking the world a better place, at ground level --
_tIn defense of the future.
650 _aTechnology and youth.
650 _aGeneration Y.
650 _aComputers and civilization.
650 _aComputer networks.
942 _2ddc
_cEN
_h303.4834
_mTAP
999 _c26905
_d26905